La campaña del Maestrazgo
保存先:
| 第一著者: | |
|---|---|
| フォーマット: | 図書 |
| 言語: | スペイン語 |
| 出版事項: |
Madrid
Alianza-Hernando
1976
|
| シリーズ: | Episodios Nacionales, 25. Tercera Serie
|
| 主題: | |
| タグ: |
タグ追加
タグなし, このレコードへの初めてのタグを付けませんか!
|
MARC
| LEADER | 00000nam a2200000 a 4500 | ||
|---|---|---|---|
| 001 | UCQ5425 | ||
| 003 | CL-VaPUC | ||
| 008 | 980925e19760000SP |||||||||||||||||spa|d | ||
| 082 | 0 | 4 | |a 863 |b PER |2 21 |
| 100 | 0 | |a Pérez Galdós, Benito |e author |9 318144 | |
| 245 | 1 | 3 | |a La campaña del Maestrazgo |
| 300 | |a 193 p | ||
| 942 | |c BK | ||
| 945 | |d 19980925 00:00:00 |a crobeson | ||
| 260 | |a Madrid |b Alianza-Hernando |c 1976 | ||
| 650 | 0 | |a Novelas españolas |9 265052 | |
| 650 | 0 | |a Literatura española |9 306261 | |
| 583 | |a last modification |c 19980925 00:00:00 |k Rodrigo Vera | ||
| 490 | 0 | |a Episodios Nacionales, 25. Tercera Serie | |
| 999 | |c 275637 |d 275635 | ||
| 952 | |0 0 |1 0 |4 0 |6 863_000000000000000_PER_1976 |7 0 |8 A |9 312418 |a BIBEDU |b BIBEDU |d 2019-11-20 |i 1472534 |o 863 PER 1976 |p 1472534 |r 2019-11-20 |w 2019-11-20 |y BK |k LIT | ||